000 00554nam a22002057a 4500
003 OSt
005 20220812151634.0
008 220812b |||||||| |||| 00| 0 eng d
020 _a0071410805
040 _cIFM Library
082 _a519.5
100 _aKazmier, Leonard J.
_94795
245 _aSchaum's Outline of Theory and Problems of Business Statistics
250 _a4th ed.
260 _aNew York:
_bMcGraw- Hill,
_c2004
300 _axiii, 404p.:
_bill.; 25cm.
500 _aInclude Index
650 _aStatistics
_94796
942 _cBK
_2ddc
_n0
999 _c15361
_d15361